[Event "15th Asian Continental"]
[Site "Tashkent UZB"]
[Date "2016.05.30"]
[Round "5.2"]
[White "Ganguly, Surya Shekhar"]
[Black "Kasimdzhanov, Rustam"]
[Result "1/2-1/2"]
[WhiteTitle "GM"]
[BlackTitle "GM"]
[WhiteElo "2654"]
[BlackElo "2703"]
[WhiteFideId "5002150"]
[BlackFideId "14200244"]
[EventDate "2016.05.26"]

1. e4 e5 2. Nf3 Nc6 3. Bc4 Bc5 4. O-O d6 5. c3 Nf6 6. d3 a6 7. Bb3 h6 8. Re1 O-O
9. Nbd2 Re8 10. h3 Be6 11. Bxe6 Rxe6 12. b4 Ba7 13. Qc2 Ne7 14. Nf1 Ng6 1/2-1/2

[Event "15th Asian Continental"]
[Site "Tashkent UZB"]
[Date "2016.05.30"]
[Round "5.4"]
[White "Kazhgaleyev, Murtas"]
[Black "Ni, Hua"]
[Result "1/2-1/2"]
[WhiteTitle "GM"]
[BlackTitle "GM"]
[WhiteElo "2582"]
[BlackElo "2682"]
[WhiteFideId "13700316"]
[BlackFideId "8601160"]
[EventDate "2016.05.26"]

1. d4 Nf6 2. c4 e6 3. Nf3 d5 4. Nc3 Bb4 5. Bg5 h6 6. Bxf6 Qxf6 7. e3 c5 8. Rc1
dxc4 9. Bxc4 cxd4 10. Nxd4 O-O 11. O-O Bd7 12. Qb3 Nc6 13. Nxc6 Bxc3 14. Rxc3
Bxc6 15. Bb5 1/2-1/2

[Event "15th Asian Continental"]
[Site "Tashkent UZB"]
[Date "2016.05.30"]
[Round "5.5"]
[White "Vakhidov, Jahongir"]
[Black "Vidit, Santosh Gujrathi"]
[Result "1/2-1/2"]
[WhiteTitle "GM"]
[BlackTitle "GM"]
[WhiteElo "2578"]
[BlackElo "2658"]
[WhiteFideId "14201801"]
[BlackFideId "5029465"]
[EventDate "2016.05.26"]

1. d4 Nf6 2. Nf3 d5 3. Bf4 Bf5 4. e3 e6 5. Nbd2 Bd6 6. Ne5 Nbd7 7. Be2 Ne4 8. g4
Bg6 9. Nxe4 Bxe4 10. f3 Bg6 11. h4 Bxe5 12. dxe5 h5 13. g5 c5 14. c4 dxc4 15. e4
Qb6 16. Qc2 O-O-O 17. O-O-O Qc7 18. Qc3 f6 19. Bxc4 Nxe5 20. Bxe6+ Kb8 21. Bh2
Rhe8 22. Bd5 Bf7 23. Bxf7 Qxf7 24. Bxe5+ fxe5 25. Rxd8+ Rxd8 26. Qxe5+ Ka8 27.
Rd1 Qc4+ 28. Qc3 Rxd1+ 29. Kxd1 Qf1+ 30. Kd2 Qf2+ 31. Kd1 Qf1+ 32. Kd2 Qf2+ 33.
Kd3 Qxf3+ 34. Kc4 Qxe4+ 35. Kxc5 Qc6+ 36. Kd4 Qd6+ 37. Ke4 Qe6+ 38. Qe5 Qc4+ 39.
Qd4 Qe6+ 40. Qe5 Qc4+ 41. Ke3 Qc1+ 42. Kd3 Qd1+ 43. Kc4 Qa4+ 44. Kc3 Qd7 45. Qe2
Qc7+ 46. Qc4 Qg3+ 47. Kb4 Qd6+ 48. Qc5 Qf4+ 49. Ka3 a6 50. Qe7 Qxh4 51. Qf8+ Ka7
52. Qc5+ Ka8 53. Qf8+ Ka7 54. Qc5+ 1/2-1/2

[Event "15th Asian Continental"]
[Site "Tashkent UZB"]
[Date "2016.05.30"]
[Round "5.6"]
[White "Sethuraman, S.P."]
[Black "Sengupta, Deep"]
[Result "1-0"]
[WhiteTitle "GM"]
[BlackTitle "GM"]
[WhiteElo "2647"]
[BlackElo "2543"]
[WhiteFideId "5021596"]
[BlackFideId "5008352"]
[EventDate "2016.05.26"]

1. d4 d5 2. c4 c6 3. Nc3 Nf6 4. Nf3 e6 5. e3 Nbd7 6. Bd3 dxc4 7. Bxc4 b5 8. Bd3
Bd6 9. O-O Bb7 10. a3 O-O 11. Qc2 h6 12. e4 e5 13. h3 Re8 14. dxe5 Nxe5 15. Nxe5
Bxe5 16. Be3 Bd4 17. Bxd4 Qxd4 18. Rad1 Qb6 19. Rfe1 Re7 20. Re3 Rae8 21. Qe2 a5
22. e5 Nd7 23. Bf5 Nxe5 24. Bd7 Rxd7 25. Rxd7 Bc8 26. Rd6 Qc5 27. Ne4 Qa7 28.
Rxh6 gxh6 29. Nf6+ Kf8 30. Nxe8 Nc4 31. Re4 Bf5 32. Rf4 Bg6 33. Nf6 Qe7 34. Qg4
Qe6 35. Qd1 Qe7 36. Nd7+ Ke8 37. Nf6+ Kf8 38. b3 Ne5 39. Ne4 Kg7 40. Qd4 h5 41.
b4 a4 42. Nf6 1-0

[Event "15th Asian Continental"]
[Site "Tashkent UZB"]
[Date "2016.05.30"]
[Round "5.7"]
[White "Gao, Rui"]
[Black "Nguyen, Ngoc Truong Son"]
[Result "1-0"]
[WhiteTitle "GM"]
[BlackTitle "GM"]
[WhiteElo "2556"]
[BlackElo "2636"]
[WhiteFideId "8602387"]
[BlackFideId "12401110"]
[EventDate "2016.05.26"]

1. e4 e5 2. Nf3 Nc6 3. Bc4 Bc5 4. O-O Nf6 5. d3 d6 6. c3 O-O 7. Bg5 h6 8. Bh4 g5
9. Bg3 g4 10. Nh4 Nh5 11. a4 a6 12. Na3 Qg5 13. Nc2 Kh8 14. d4 Bb6 15. Qd3 f5
16. exf5 Bxf5 17. Nxf5 Qxf5 18. Qxf5 Rxf5 19. Ne3 Nxg3 20. hxg3 Rg5 21. Nd5 exd4
22. Nxb6 cxb6 23. cxd4 d5 24. Bd3 Re8 25. Rfe1 Rgg8 26. Rxe8 Rxe8 27. Bf5 Nxd4
28. Bxg4 Re4 29. f3 Re2 30. Rd1 Nb3 31. Rxd5 Rxb2 32. Rd8+ Kg7 33. Rd7+ Kf8 34.
f4 Nc5 35. Rc7 Rb4 36. Bh5 Rxa4 37. f5 Ra1+ 38. Kf2 Rc1 39. Rf7+ Kg8 40. f6 Ne4+
41. Ke3 Rc5 42. Rg7+ Kf8 43. Rf7+ Kg8 44. Rg7+ Kf8 45. Bg6 Ng5 46. Rxb7 Rc8 47.
Rxb6 Ra8 48. Kf4 a5 49. Bb1 Re8 50. Ba2 Re2 51. Rb8+ Re8 52. Rb7 Re2 53. Bd5
Rf2+ 54. Ke5 Ke8 55. Re7+ Kf8 56. Ra7 Ke8 57. Bb3 Kd8 58. f7 1-0

[Event "15th Asian Continental"]
[Site "Tashkent UZB"]
[Date "2016.05.30"]
[Round "5.8"]
[White "Salem, A.R. Saleh"]
[Black "Kostenko, Petr"]
[Result "0-1"]
[WhiteTitle "GM"]
[BlackTitle "GM"]
[WhiteElo "2625"]
[BlackElo "2457"]
[WhiteFideId "9301348"]
[BlackFideId "13700669"]
[EventDate "2016.05.26"]

1. e4 e6 2. d4 d5 3. Nc3 Nf6 4. e5 Nfd7 5. f4 c5 6. Nf3 Nc6 7. Be3 a6 8. Qd2 b5
9. dxc5 Bxc5 10. Bd3 Qb6 11. Bf2 h6 12. O-O Bxf2+ 13. Rxf2 Nc5 14. Ne2 Ne4 15.
Bxe4 dxe4 16. Nfd4 Bb7 17. c3 Rd8 18. Re1 b4 19. Qc1 O-O 20. Nxc6 Bxc6 21. Nd4
Bd5 22. f5 bxc3 23. bxc3 Qc7 24. f6 Qxe5 25. Re3 Rb8 26. Rf1 g6 27. Ne2 Rfc8 28.
Kh1 Qg5 29. h4 Qxh4+ 30. Rh3 Qg5 31. Rxh6 e3 32. Rh2 Rb4 33. cxb4 Rxc1 34. Nxc1
Bc4 35. Re1 Qxf6 36. Rh3 Qf2 0-1

[Event "15th Asian Continental"]
[Site "Tashkent UZB"]
[Date "2016.05.30"]
[Round "5.9"]
[White "Nguyen, Huynh Minh Huy"]
[Black "Lu, Shanglei"]
[Result "1/2-1/2"]
[WhiteTitle "GM"]
[BlackTitle "GM"]
[WhiteElo "2458"]
[BlackElo "2614"]
[WhiteFideId "12401269"]
[BlackFideId "8603332"]
[EventDate "2016.05.26"]

1. d4 Nf6 2. c4 e6 3. Nc3 d5 4. Bg5 Be7 5. e3 O-O 6. Nf3 Nbd7 7. Qc2 h6 8. Bh4
b6 9. cxd5 exd5 10. Bd3 Bb7 11. O-O Nh5 12. Bxe7 Qxe7 13. Rac1 Nhf6 14. Bf5 g6
15. Bh3 a6 1/2-1/2

[Event "15th Asian Continental"]
[Site "Tashkent UZB"]
[Date "2016.05.30"]
[Round "5.10"]
[White "Adhiban, Baskaran"]
[Black "Gundavaa, Bayarsaikhan"]
[Result "1-0"]
[WhiteTitle "GM"]
[BlackTitle "GM"]
[WhiteElo "2665"]
[BlackElo "2499"]
[WhiteFideId "5018471"]
[BlackFideId "4901045"]
[EventDate "2016.05.26"]

1. e4 c5 2. Nf3 d6 3. d4 cxd4 4. Nxd4 Nf6 5. Nc3 a6 6. h3 e5 7. Nde2 h5 8. Bg5
Be6 9. g3 Nbd7 10. a4 Be7 11. Bg2 Rc8 12. b3 O-O 13. Qd2 Qc7 14. f4 d5 15. exd5
Bf5 16. fxe5 Nxe5 17. O-O Bg6 18. d6 Bxd6 19. Bxf6 gxf6 20. Nd5 Qc5+ 21. Kh1 Kg7
22. Nd4 Rfd8 23. Rxf6 Bf8 24. c4 Kg8 25. Re1 Re8 26. Nf5 Nd7 27. Nde7+ Rxe7 28.
Rxg6+ fxg6 29. Bd5+ Rf7 30. Bxf7+ Kxf7 31. Qxd7+ Kg8 32. Qe6+ Kh8 33. Qf6+ Kh7
34. Re7+ 1-0

[Event "15th Asian Continental"]
[Site "Tashkent UZB"]
[Date "2016.05.30"]
[Round "5.11"]
[White "Igonin, Temur"]
[Black "Gupta, Abhijeet"]
[Result "1-0"]
[WhiteTitle "FM"]
[BlackTitle "GM"]
[WhiteElo "2474"]
[BlackElo "2654"]
[WhiteFideId "14203049"]
[BlackFideId "5010608"]
[EventDate "2016.05.26"]

1. e4 c5 2. Nf3 d6 3. d4 cxd4 4. Nxd4 Nf6 5. Nc3 a6 6. Bg5 Nbd7 7. Bc4 Qb6 8.
O-O Qc5 9. Bd5 e6 10. Re1 Be7 11. Be3 Qa5 12. Bxe6 fxe6 13. Nxe6 Kf7 14. Ng5+
Kf8 15. Ne6+ Kf7 16. Ng5+ Kf8 17. f4 h6 18. Nf3 Kg8 19. h3 Kh7 20. e5 dxe5 21.
Qd3+ e4 22. Nxe4 Kg8 23. Bd4 Qb5 24. Nxf6+ Bxf6 25. Re8+ Nf8 26. Qxb5 Bxd4+ 27.
Nxd4 axb5 28. Ne6 Kf7 29. Nc7 Ne6 30. Rxh8 Nxc7 31. Rd1 Be6 32. Rxa8 Nxa8 33. f5
Bxf5 34. Rd5 Be4 35. Rxb5 Nc7 36. Rb4 Bc6 37. Kf2 Ke6 38. Rg4 g5 39. h4 Kf5 40.
Rc4 Ne6 41. a4 Ke5 42. g3 Kd5 43. b3 Nd8 44. hxg5 hxg5 45. Ke3 Nf7 46. Rd4+ Ke6
47. a5 Nd6 48. g4 Nb5 49. Rd8 Nc3 50. Rc8 Nd5+ 51. Kd4 Ne7 52. Rf8 Ng6 53. Rg8
Ne5 54. b4 Kd6 55. c4 Bd7 56. b5 Nf3+ 57. Kc3 Kc7 58. b6+ Kc6 59. Rg6+ 1-0

[Event "15th Asian Continental"]
[Site "Tashkent UZB"]
[Date "2016.05.30"]
[Round "5.12"]
[White "Lalith, Babu M R"]
[Black "Wang, Yiye"]
[Result "0-1"]
[WhiteTitle "GM"]
[BlackTitle "IM"]
[WhiteElo "2579"]
[BlackElo "2442"]
[WhiteFideId "5024595"]
[BlackFideId "8606021"]
[EventDate "2016.05.26"]

1. Nf3 Nf6 2. c4 c6 3. d4 d5 4. Nc3 dxc4 5. a4 Bf5 6. Ne5 Na6 7. e3 Nb4 8. Bxc4
e6 9. O-O Bd6 10. Qe2 Nc2 11. Rb1 Nd5 12. Bb3 Bxe5 13. dxe5 Nd4 14. exd4 Nxc3
15. bxc3 Bxb1 16. Ba3 Bf5 17. Rd1 h5 18. c4 Qb6 19. Qe3 O-O-O 20. Qc3 Qc7 21. a5
f6 22. f4 Rd7 23. d5 cxd5 24. Bd6 Rxd6 25. exd6 Qc5+ 26. Qd4 Qxd4+ 27. Rxd4 Rd8
28. c5 b6 29. axb6 axb6 30. Ra4 Kb7 31. Rb4 Kc6 32. Rxb6+ Kxc5 33. Rb7 Rxd6 34.
Rxg7 Rb6 35. Ba4 Rb1+ 36. Kf2 Rb4 37. Bd1 h4 38. g4 Rb2+ 39. Ke1 Be4 40. Be2 Kd4 0-1

[Event "15th Asian Continental"]
[Site "Tashkent UZB"]
[Date "2016.05.31"]
[Round "6.1"]
[White "Sethuraman, S.P."]
[Black "Le, Quang Liem"]
[Result "0-1"]
[WhiteTitle "GM"]
[BlackTitle "GM"]
[WhiteElo "2647"]
[BlackElo "2718"]
[WhiteFideId "5021596"]
[BlackFideId "12401137"]
[EventDate "2016.05.26"]

1. e4 e5 2. Nf3 Nc6 3. Bb5 Nf6 4. O-O Nxe4 5. d4 Nd6 6. Bxc6 dxc6 7. dxe5 Nf5 8.
Qxd8+ Kxd8 9. h3 Ke8 10. Nc3 h5 11. Ne2 b6 12. Rd1 Bb7 13. Ned4 Nxd4 14. Nxd4 a6
15. Bf4 c5 16. Nf5 h4 17. Rd2 Rh5 18. Ne3 Rc8 19. a4 Be7 20. c4 a5 21. Rad1 Be4
22. f3 Bf5 23. Kf2 Be6 24. Nd5 Rf5 25. Bh2 Bg5 26. Rd3 c6 27. Nc3 Bxc4 28. Rd7
Bb3 29. R1d6 Be7 30. Rb7 Bxd6 31. exd6 Rd8 32. Rxb6 Be6 33. Rxc6 Rb8 34. Nd1 Bd7
35. Ra6 c4 36. Kf1 f6 37. Ra7 Rd5 38. Ke1 Rg5 39. Kf1 Rb4 40. Ra8+ Kf7 41. Ra7
Ke6 42. Ne3 g6 43. Nc2 c3 44. bxc3 Rb1+ 45. Ne1 Rc5 46. Ke2 Bxa4 47. Re7+ Kf5
48. Re4 Rb2+ 49. Ke3 Bb5 50. c4 Rxc4 51. d7 Re2+ 0-1

[Event "15th Asian Continental"]
[Site "Tashkent UZB"]
[Date "2016.05.31"]
[Round "6.2"]
[White "Kasimdzhanov, Rustam"]
[Black "Wen, Yang"]
[Result "1/2-1/2"]
[WhiteTitle "GM"]
[BlackTitle "GM"]
[WhiteElo "2703"]
[BlackElo "2611"]
[WhiteFideId "14200244"]
[BlackFideId "8602956"]
[EventDate "2016.05.26"]

1. e4 e5 2. Nf3 Nc6 3. Bb5 Nf6 4. d3 Bc5 5. Bxc6 dxc6 6. Nbd2 Be6 7. O-O Nd7 8.
Nb3 Bb6 9. Ng5 Bxb3 10. axb3 f6 11. Nf3 Nc5 12. Nd2 O-O 13. Nc4 Ne6 14. Be3 Qd7
15. b4 Bd4 16. Qd2 Rfd8 17. Bxd4 Nxd4 18. f4 exf4 19. Rxf4 Re8 20. Kh1 f5 21.
exf5 Nxf5 22. Raf1 Nd6 23. Qf2 h6 24. Ne3 Re6 25. h3 Rae8 26. Ng4 Qe7 27. d4 Re1
28. Ne5 Rxf1+ 29. Qxf1 Qe6 30. Kh2 a6 31. c3 Nc8 32. Rf3 Nb6 33. Qd3 1/2-1/2

[Event "15th Asian Continental"]
[Site "Tashkent UZB"]
[Date "2016.05.31"]
[Round "6.4"]
[White "Kostenko, Petr"]
[Black "Ganguly, Surya Shekhar"]
[Result "1/2-1/2"]
[WhiteTitle "GM"]
[BlackTitle "GM"]
[WhiteElo "2457"]
[BlackElo "2654"]
[WhiteFideId "13700669"]
[BlackFideId "5002150"]
[EventDate "2016.05.26"]

1. e4 c5 2. Nf3 e6 3. c4 Nc6 4. Be2 g5 5. Nc3 Bg7 6. d3 h6 7. Be3 d6 8. g4 Nd4
9. h4 gxh4 10. Nxh4 a6 11. Qd2 Bd7 12. Bd1 b5 13. Kf1 Rb8 14. Rc1 Ne7 15. cxb5
axb5 16. Ne2 Nec6 17. Ng3 Qa5 18. Qxa5 Nxa5 19. Nh5 Bf8 20. Bxd4 cxd4 21. Nf3
Nc6 22. Nf6+ Ke7 23. Nxd7 Kxd7 24. a4 Bg7 25. axb5 Rxb5 26. Ba4 Rc5 27. Rxc5
dxc5 28. Nd2 Ra8 29. Nc4 Kc7 30. Bxc6 Ra1+ 31. Kg2 Rxh1 32. Kxh1 Kxc6 33. Kg2
Kb5 34. Kf3 Kb4 35. Ke2 Kb3 36. Kd1 f5 37. exf5 exf5 38. f3 fxg4 39. fxg4 Bf6
40. Kc1 Bg5+ 41. Kd1 Bf4 42. Nb6 1/2-1/2

[Event "15th Asian Continental"]
[Site "Tashkent UZB"]
[Date "2016.05.31"]
[Round "6.5"]
[White "Lu, Shanglei"]
[Black "Ghaem Maghami, Ehsan"]
[Result "1/2-1/2"]
[WhiteTitle "GM"]
[BlackTitle "GM"]
[WhiteElo "2614"]
[BlackElo "2551"]
[WhiteFideId "8603332"]
[BlackFideId "12500739"]
[EventDate "2016.05.26"]

1. e4 c5 2. Nf3 e6 3. g3 Nc6 4. Bg2 Nf6 5. Nc3 a6 6. O-O d6 7. d4 cxd4 8. Nxd4
Bd7 9. Be3 Be7 10. Qe2 Qc7 11. Nb3 b5 12. f4 O-O 13. a3 h5 14. h3 Rac8 15. g4
hxg4 16. hxg4 b4 17. axb4 Nxb4 18. g5 Nh7 19. Rf3 e5 20. Rg3 exf4 21. Bxf4 Be6
22. Nd4 Qc5 23. Qe3 g6 24. Rd1 Rfe8 25. Rd2 Bd7 26. Nb3 Qxe3+ 27. Bxe3 Be6 28.
Nd4 Bd7 29. Bf4 Nc6 30. Nde2 Be6 31. Nd5 Bd8 32. b3 Ne5 33. c4 a5 34. Nec3 Bd7
35. Nb5 Bxb5 36. cxb5 Rb8 37. Nc3 Bb6+ 38. Kh1 Bc5 39. Nd5 Kg7 40. Bf1 f6 41.
Rh2 Rh8 42. Nc7 Nxg5 43. Rxg5 Bb6 44. Ne6+ Kf7 45. Rxe5 dxe5 46. Bc4 1/2-1/2

[Event "15th Asian Continental"]
[Site "Tashkent UZB"]
[Date "2016.05.31"]
[Round "6.6"]
[White "Ni, Hua"]
[Black "Megaranto, Susanto"]
[Result "1/2-1/2"]
[WhiteTitle "GM"]
[BlackTitle "GM"]
[WhiteElo "2682"]
[BlackElo "2527"]
[WhiteFideId "8601160"]
[BlackFideId "7101384"]
[EventDate "2016.05.26"]

1. e4 g6 2. d4 Bg7 3. Nc3 c6 4. Nf3 d6 5. Be3 Nf6 6. Qd2 Bg4 7. h3 Bxf3 8. gxf3
e6 9. h4 h5 10. O-O-O d5 11. Bg5 Qa5 12. Kb1 Nh7 13. Bf4 Nd7 14. Rg1 Qd8 15. Bd3
Qxh4 16. Rde1 O-O 17. Rh1 Qd8 18. Reg1 Kh8 19. e5 c5 20. Bh6 Rg8 21. Bg5 Qf8 22.
f4 Bh6 23. Nb5 1/2-1/2

[Event "15th Asian Continental"]
[Site "Tashkent UZB"]
[Date "2016.05.31"]
[Round "6.7"]
[White "Nguyen, Huynh Minh Huy"]
[Black "Adhiban, Baskaran"]
[Result "0-1"]
[WhiteTitle "GM"]
[BlackTitle "GM"]
[WhiteElo "2458"]
[BlackElo "2665"]
[WhiteFideId "12401269"]
[BlackFideId "5018471"]
[EventDate "2016.05.26"]

1. d4 Nf6 2. Bg5 c5 3. Bxf6 gxf6 4. d5 f5 5. c4 Bg7 6. Qc2 Qa5+ 7. Nc3 Bxc3+ 8.
Qxc3 Qxc3+ 9. bxc3 d6 10. e3 Nd7 11. Bd3 Nf6 12. Ne2 Bd7 13. a4 a5 14. O-O O-O-O
15. g3 Kc7 16. Rfd1 e5 17. Rdb1 e4 18. Bc2 Ng4 19. Nf4 Ne5 20. Bd1 Nxc4 21. Be2
Nb6 22. Rxb6 Kxb6 23. c4 Kc7 24. Bd1 Ra8 25. Ne2 Ra6 26. Nc3 Rb6 27. Nb5+ Kd8
28. Kf1 Ke7 29. Ke1 Kf6 30. Kd2 Rg8 31. h4 Rg6 32. Ra2 Be8 33. Ra1 Rg8 34. Ra2
Kg7 35. Ra1 Kh6 36. Ra3 f6 37. Be2 Bh5 38. Bf1 Re8 39. Bh3 Re5 40. Bf1 Be8 41.
Ra1 Bf7 42. Kc2 Re8 43. Kd2 f4 44. gxf4 Rg8 45. Bh3 Bh5 46. Bf5 Bf3 47. Rf1 Rg7
48. Ke1 Kh5 49. Kd2 Kh6 50. Ke1 Rg2 51. Nc3 Rb3 52. Bxe4 Rxc3 53. Bxf3 Rc1+ 54.
Ke2 Rg1 55. Rxg1 Rxg1 56. e4 Kg7 0-1

[Event "15th Asian Continental"]
[Site "Tashkent UZB"]
[Date "2016.05.31"]
[Round "6.8"]
[White "Vidit, Santosh Gujrathi"]
[Black "Igonin, Temur"]
[Result "1/2-1/2"]
[WhiteTitle "GM"]
[BlackTitle "FM"]
[WhiteElo "2658"]
[BlackElo "2474"]
[WhiteFideId "5029465"]
[BlackFideId "14203049"]
[EventDate "2016.05.26"]

1. d4 d5 2. c4 dxc4 3. e4 Nf6 4. e5 Nd5 5. Bxc4 Nb6 6. Bd3 Nc6 7. Ne2 Bg4 8. Be3
e6 9. Nbc3 Qd7 10. O-O O-O-O 11. a4 a6 12. a5 Nd5 13. Nxd5 Qxd5 14. f3 Bf5 15.
Nc3 Qd7 16. Bxf5 exf5 17. d5 Nxe5 18. Qd4 Nc6 19. Qc4 Ne5 20. Qd4 Nc6 21. Qc4
Ne5 22. Qd4 Nc6 23. Qc4 Nb4 24. Rac1 1/2-1/2

[Event "15th Asian Continental"]
[Site "Tashkent UZB"]
[Date "2016.05.31"]
[Round "6.9"]
[White "Wang, Yiye"]
[Black "Kazhgaleyev, Murtas"]
[Result "1/2-1/2"]
[WhiteTitle "IM"]
[BlackTitle "GM"]
[WhiteElo "2442"]
[BlackElo "2582"]
[WhiteFideId "8606021"]
[BlackFideId "13700316"]
[EventDate "2016.05.26"]

1. b3 e5 2. Bb2 d6 3. g3 Nf6 4. Bg2 g6 5. d4 Nbd7 6. dxe5 dxe5 7. Qd2 Bg7 8. Na3
O-O 9. Nc4 e4 10. Rd1 Qe7 11. Ba3 Nc5 12. Nh3 b6 13. O-O Ba6 14. Qe3 Rae8 15. f3
c6 16. fxe4 Bxc4 17. bxc4 Ng4 18. Qf4 Ne5 19. Qf2 Nxc4 20. Bxc5 bxc5 21. e3 Nb2
22. Rb1 Rd8 23. Nf4 Na4 24. e5 Nc3 25. Rb3 Qxe5 26. Bxc6 c4 27. Rb7 Qc5 28. Bf3
Nxa2 29. Kh1 Nc3 30. e4 Bd4 31. Qg2 a5 32. Nd5 Nxd5 33. exd5 a4 34. c3 Bxc3 35.
Qc2 Qa5 36. Rfb1 Rxd5 37. Bxd5 Qxd5+ 38. Qg2 Qxg2+ 39. Kxg2 a3 40. Ra7 Bb2 41.
Re1 c3 42. Re2 Rc8 43. Rc2 Kg7 44. Ra6 Re8 45. Kf2 h5 46. Kf1 Re6 47. Ra7 Re5
48. Ra6 h4 49. gxh4 Rh5 50. Ke2 Rxh4 51. Kd3 g5 52. Rg2 f6 53. Kc2 Rf4 54. Kb3
Kg6 55. Ra5 Rd4 56. Kc2 f5 57. Ra8 g4 58. h3 Kg5 59. hxg4 fxg4 60. Rg8+ Kf5 61.
Rf8+ Ke6 62. Re8+ Kd7 63. Ra8 Rf4 64. Kb3 Ke6 65. Rg8 Kf5 66. Rg1 Rd4 67. Rf1+
Ke6 68. Rg6+ Ke5 69. Rg5+ Ke6 70. Rg6+ Ke5 1/2-1/2

[Event "15th Asian Continental"]
[Site "Tashkent UZB"]
[Date "2016.05.31"]
[Round "6.10"]
[White "Fayzullaev, Akmal"]
[Black "Vakhidov, Jahongir"]
[Result "0-1"]
[WhiteTitle "FM"]
[BlackTitle "GM"]
[WhiteElo "2379"]
[BlackElo "2578"]
[WhiteFideId "14200554"]
[BlackFideId "14201801"]
[EventDate "2016.05.26"]

1. c4 g6 2. Nc3 c5 3. g3 Bg7 4. Bg2 Nc6 5. d3 d6 6. Nf3 e6 7. O-O Nge7 8. e3 O-O
9. d4 b6 10. b3 Ba6 11. Re1 Rc8 12. Bb2 cxd4 13. Nxd4 Nxd4 14. exd4 Qd7 15. Qd2
Rfe8 16. a4 d5 17. a5 b5 18. cxd5 exd5 19. Ba3 Nf5 20. Bc5 b4 21. Nxd5 Bb7 22.
Rxe8+ Rxe8 23. Re1 Rxe1+ 24. Qxe1 Bxd5 25. Bxd5 Bxd4 26. Bxd4 Nxd4 27. Qe5 Nf5
28. a6 Qe7 29. Qxe7 Nxe7 30. Bb7 Nf5 31. f4 Kf8 32. Kf2 Ke7 33. Bd5 h5 34. Ke2
Nh6 35. Kd3 Ng4 36. Kc4 Nxh2 37. Kxb4 Kd6 38. Bxf7 Nf1 39. Bxg6 Nxg3 40. Bc2 h4
41. Bd1 h3 42. Bf3 h2 43. Kc4 h1=Q 44. Bxh1 Nxh1 45. f5 Nf2 46. Kb5 Ne4 47. b4
Kd5 48. Ka5 Kc6 49. b5+ Kc5 50. Ka4 Nc3+ 51. Ka5 Nxb5 52. f6 Nd6 53. Ka4 Kb6 54.
Kb4 Kxa6 55. Ka4 Kb6 56. Kb4 Kc6 57. Ka5 Kd7 0-1

[Event "15th Asian Continental"]
[Site "Tashkent UZB"]
[Date "2016.05.31"]
[Round "6.11"]
[White "Nguyen, Ngoc Truong Son"]
[Black "Sonjaya, Deni"]
[Result "1-0"]
[WhiteTitle "GM"]
[BlackTitle "FM"]
[WhiteElo "2636"]
[BlackElo "2310"]
[WhiteFideId "12401110"]
[BlackFideId "7101465"]
[EventDate "2016.05.26"]

1. e4 d6 2. d4 e5 3. Nf3 Nd7 4. Bc4 h6 5. dxe5 Qe7 6. Nc3 dxe5 7. O-O c6 8. a4
Ngf6 9. b3 Nb6 10. Bd3 Qc7 11. Bb2 Bg4 12. h3 Bxf3 13. Qxf3 Bd6 14. Nd1 a5 15.
Ne3 Nfd7 16. Rad1 Bc5 17. Qg3 g6 18. Kh1 O-O-O 19. Bc3 Bb4 20. Bxb4 axb4 21. a5
Na8 22. Nc4 g5 23. Qe3 Kb8 24. Qe1 Nc5 25. Qxb4 Nxd3 26. Rxd3 Rxd3 27. cxd3 Rd8
28. Rd1 f6 29. Qc5 Qd7 30. a6 b6 31. Nxb6 Qa7 32. Na4 Qxc5 33. Nxc5 Nc7 34. Rc1
Ka7 35. Nb7 Rxd3 36. Rxc6 Nxa6 37. Rxa6+ 1-0

[Event "15th Asian Continental"]
[Site "Tashkent UZB"]
[Date "2016.05.31"]
[Round "6.12"]
[White "Tin, Jingyao"]
[Black "Salem, A.R. Saleh"]
[Result "1/2-1/2"]
[WhiteTitle "IM"]
[BlackTitle "GM"]
[WhiteElo "2427"]
[BlackElo "2625"]
[WhiteFideId "5804418"]
[BlackFideId "9301348"]
[EventDate "2016.05.26"]

1. d4 Nf6 2. c4 g6 3. Nc3 Bg7 4. e4 d6 5. Nf3 O-O 6. Be2 e5 7. O-O Nc6 8. d5 Ne7
9. Nd2 a5 10. a3 Nd7 11. Rb1 f5 12. b4 Kh8 13. Nb3 axb4 14. axb4 Nf6 15. Nd2 c6
16. Bb2 cxd5 17. exd5 g5 18. c5 dxc5 19. d6 Ng6 20. bxc5 Bd7 21. Re1 Bc6 22. Bf1
Nd7 23. Nb3 Nf4 24. Ne2 Ne6 25. Ng3 Nf4 26. Nc1 g4 27. Nd3 Nxd3 28. Bxd3 Qg5 29.
Qc2 f4 30. Nf5 Bf6 31. Ne7 Ra5 32. Bf5 Rxc5 33. Qd3 Qg7 34. Ba3 e4 35. Qd1 Rxf5
36. Nxf5 Qg5 37. Nd4 e3 38. Nxc6 exf2+ 39. Kxf2 f3 40. Nd4 Qh4+ 41. Ke3 fxg2 42.
Kd3 b5 43. Nxb5 Qf2 44. Qxg4 g1=Q 45. Qxg1 Qf5+ 46. Kc4 Qc2+ 47. Kd5 Bg7 48. Rf1
Re8 49. Rfe1 Rxe1 50. Rxe1 Nf6+ 51. Ke5 Nh5+ 52. Ke6 Qc4+ 53. Ke7 Bf6+ 54. Kf8
Ng7 55. Qxg7+ Bxg7+ 56. Ke8 Qxb5+ 57. d7 Qh5+ 58. Kd8 Qa5+ 59. Ke8 Bf6 60. Be7
Qh5+ 61. Kd8 Qa5+ 62. Ke8 Bxe7 63. Rxe7 Qh5+ 64. Kd8 Qa5+ 65. Ke8 Qh5+ 66. Kd8
Qxh2 67. Re8+ Kg7 68. Kc8 Qc2+ 69. Kb7 Qb3+ 70. Kc6 Qc4+ 71. Kd6 Qd4+ 72. Kc6
Qa4+ 73. Kd6 Qd4+ 74. Kc6 Qd3 1/2-1/2

[Event "15th Asian Continental"]
[Site "Tashkent UZB"]
[Date "2016.06.01"]
[Round "7.2"]
[White "Vakhidov, Jahongir"]
[Black "Kasimdzhanov, Rustam"]
[Result "1/2-1/2"]
[WhiteTitle "GM"]
[BlackTitle "GM"]
[WhiteElo "2578"]
[BlackElo "2703"]
[WhiteFideId "14201801"]
[BlackFideId "14200244"]
[EventDate "2016.05.26"]

1. c4 e6 2. Nc3 d5 3. d4 Be7 4. cxd5 exd5 5. Bf4 c6 6. Qc2 Nf6 7. e3 Nh5 8. Be5
Nd7 9. Be2 Nxe5 10. dxe5 g6 11. Bxh5 gxh5 12. Nf3 f6 13. e4 d4 14. exf6 Bxf6 15.
O-O-O Bg4 16. e5 Bxf3 17. gxf3 Bxe5 18. Qf5 Qf6 19. Qxh5+ Kd7 20. Ne4 Qf4+ 21.
Kb1 b6 22. Rhg1 Rag8 23. Rg3 Rg6 24. Qh3+ Kc7 25. Rxg6 hxg6 26. Qe6 Qf5 27. Qe7+
Kb8 28. Ka1 Bc7 29. Rxd4 Qxf3 30. a3 Qf8 31. Qe6 Qe8 32. Qc4 c5 33. Rd3 Rh4 34.
f3 Rf4 35. Rb3 Qf7 36. Qxf7 Rxf7 37. Nxc5 Bxh2 1/2-1/2